000
00309nam a22001337a 4500
008
170829b xxu||||| |||| 00| 0 eng d
020
_a
2900073385029
041
_a
eng
080
_2
7 ED
_a
070
100
_a
39
101
_a
MED
245
_a
COMMUNICATION COMUNICATION THEORY
_c
GRIFFIN.E
942
_2
udc
_c
BK
999
_c
25242
_d
25242